| 000 -LEADER |
| fixed length control field |
00708cam a2200205 a 4500 |
| 001 - CONTROL NUMBER |
| control field |
767 |
| 003 - CONTROL NUMBER IDENTIFIER |
| control field |
BD-DhUAP |
| 005 - DATE AND TIME OF LATEST TRANSACTION |
| control field |
20200129105159.0 |
| 008 - FIXED-LENGTH DATA ELEMENTS--GENERAL INFORMATION |
| fixed length control field |
200129s19941992at r 000 0 eng |
| 020 ## - INTERNATIONAL STANDARD BOOK NUMBER |
| International Standard Book Number |
10380701 |
| 040 ## - CATALOGING SOURCE |
| Original cataloging agency |
DLC |
| Transcribing agency |
DLC |
| Modifying agency |
BD-DhUAP |
| Language of cataloging |
Eng |
| 082 00 - DEWEY DECIMAL CLASSIFICATION NUMBER |
| Classification number |
338.7092294 WHO |
| Edition number |
23 |
| 245 00 - TITLE STATEMENT |
| Title |
Who's who in business in Australia : |
| Remainder of title |
a biographical dictiononary and register of prominent people within business and industry in Australia. |
| 250 ## - EDITION STATEMENT |
| Edition statement |
IIrd ed. |
| 260 ## - PUBLICATION, DISTRIBUTION, ETC. |
| Place of publication, distribution, etc. |
Melbourne, VIC : |
| Name of publisher, distributor, etc. |
Information Australia, |
| Date of publication, distribution, etc. |
c1992 [Reprinted 1994]. |
| 300 ## - PHYSICAL DESCRIPTION |
| Extent |
1391 pages ; |
| Dimensions |
23 cm. |
| 650 #0 - SUBJECT ADDED ENTRY--TOPICAL TERM |
| Topical term or geographic name entry element |
Businesspeople |
| Geographic subdivision |
Australia |
| General subdivision |
Directories. |
| 650 #0 - SUBJECT ADDED ENTRY--TOPICAL TERM |
| Topical term or geographic name entry element |
Businesswomen |
| Geographic subdivision |
Australia |
| General subdivision |
Directories. |
| 942 ## - ADDED ENTRY ELEMENTS (KOHA) |
| Source of classification or shelving scheme |
|
| Koha item type |
Book |